000 00464nam a2200157 i 4500
001 134485
003 ES-MaACL
005 20230906194701.0
007 t|
008 070911s1913 fr ||||1| fre d
100 1 _aWeber, Anatole.
_9116251
245 1 0 _aEssai sur le probleme de la misere
_b: l'aide sociale aux necessiteux adultes valides /
_cAnatole Weber.
260 _aParis :
_b[s.n.],
_c1913.
300 _a492 p. ;
_c25 cm.
852 _aES-MaACL
_jF-8964
999 _c134485
_d134485